| Tag |
First Indicator |
Second Indicator |
Subfields |
| LEADER |
00000cam a2200000 a 4500 |
| 001 |
in00001477021 |
| 005 |
20151021060638.0 |
| 008 |
980413s1998 nyu b 001 0 eng |
| 010 |
|
|
|a 98021250
|
| 020 |
|
|
|a 0874779308 (alk. paper)
|
| 035 |
|
|
|a (OCoLC)39045132
|
| 035 |
|
|
|9 AJF7009AM
|
| 040 |
|
|
|a DLC
|c DLC
|d TXA
|d UtOrBLW
|
| 049 |
|
|
|a TXAM
|
| 050 |
0 |
0 |
|a BF637.C45
|b M284 1998
|
| 082 |
0 |
0 |
|a 302.3/4
|2 21
|
| 100 |
1 |
|
|a Maguire, Jack,
|d 1945-
|
| 245 |
1 |
4 |
|a The power of personal storytelling :
|b spinning tales to connect with others /
|c Jack Maguire.
|
| 250 |
|
|
|a 1st trade pbk. ed.
|
| 264 |
|
1 |
|a New York :
|b J.P. Tarcher/Putnam,
|c 1998.
|
| 300 |
|
|
|a xviii, 253 pages ;
|c 23 cm.
|
| 336 |
|
|
|a text
|b txt
|2 rdacontent
|
| 337 |
|
|
|a unmediated
|b n
|2 rdamedia
|
| 338 |
|
|
|a volume
|b nc
|2 rdacarrier
|
| 504 |
|
|
|a Includes bibliographical references (pages 243-246) and index.
|
| 650 |
|
0 |
|a Interpersonal communication.
|
| 650 |
|
0 |
|a Interpersonal relations.
|
| 650 |
|
0 |
|a Storytelling.
|
| 948 |
|
|
|a c:pk
|
| 999 |
|
|
|a MARS
|
| 999 |
f |
f |
|s 8772eb7a-978d-383c-8679-1b405c20d1aa
|i d56b50e0-0091-32ed-b5ce-93600e93fc0e
|t 0
|
| 952 |
f |
f |
|p normal
|a Texas A&M University
|b College Station
|c Sterling C. Evans Library
|d Evans: Library Stacks
|t 0
|e BF637.C45 M284 1998
|h Library of Congress classification
|i unmediated -- volume
|m A14827012821
|
| 998 |
f |
f |
|a BF637.C45 M284 1998
|t 0
|l Evans: Library Stacks
|